[Event "1st 4NCL Easter Congress"]
[Site "Stevenage"]
[Date "2019.04.21"]
[Round "5"]
[Board "12"]
[White "Stannard, Anthony S"]
[Black "Chakanyuka, Charles"]
[Result "0-1"]
[WhiteElo "1916"]
[BlackElo "2028"]
[PlyCount "0"]
[EventDate "2019.04.19"]
[EventRounds "7"]
[EventCountry "ENG"]

1. e4 {[%clk 01:30:30]} {[%emt 00:00:29]} d6 {[%clk 01:29:03]} {[%emt
00:01:57]} 2. d4 {[%clk 01:30:45]} {[%emt 00:00:15]} Nf6 {[%clk 01:29:26]}
{[%emt 00:00:08]} 3. Nc3 {[%clk 01:31:02]} {[%emt 00:00:12]} c6 {[%clk
01:29:44]} {[%emt 00:00:12]} 4. f4 {[%clk 01:28:39]} {[%emt 00:02:53]} Qa5
{[%clk 01:29:55]} {[%emt 00:00:19]} 5. Bd3 {[%clk 01:22:31]} {[%emt 00:06:38]}
e5 {[%clk 01:30:04]} {[%emt 00:00:21]} 6. Nf3 {[%clk 01:18:17]} {[%emt
00:04:44]} Bg4 {[%clk 01:29:13]} {[%emt 00:01:21]} 7. dxe5 {[%clk 01:17:13]}
{[%emt 00:01:35]} dxe5 {[%clk 01:29:34]} {[%emt 00:00:09]} 8. h3 {[%clk
01:17:28]} {[%emt 00:00:14]} Bxf3 {[%clk 01:29:11]} {[%emt 00:00:53]} 9. Qxf3
{[%clk 01:17:39]} {[%emt 00:00:20]} Nbd7 {[%clk 01:29:29]} {[%emt 00:00:12]} 10.
Bd2 {[%clk 01:16:52]} {[%emt 00:01:17]} Qc7 {[%clk 01:27:55]} {[%emt 00:02:03]}
11. Rf1 {[%clk 01:13:49]} {[%emt 00:03:34]} Bd6 {[%clk 01:22:57]} {[%emt
00:05:27]} 12. g3 {[%clk 01:10:03]} {[%emt 00:04:16]} O-O-O {[%clk 01:20:35]}
{[%emt 00:02:52]} 13. O-O-O {[%clk 01:07:54]} {[%emt 00:02:40]} Rhe8 {[%clk
01:15:36]} {[%emt 00:05:29]} 14. Kb1 {[%clk 01:04:46]} {[%emt 00:03:38]} Kb8
{[%clk 01:07:33]} {[%emt 00:08:32]} 15. h4 {[%clk 00:59:52]} {[%emt 00:05:25]}
h5 {[%clk 01:06:51]} {[%emt 00:01:12]} 16. f5 {[%clk 00:58:19]} {[%emt
00:02:02]} Ng4 {[%clk 01:05:44]} {[%emt 00:01:38]} 17. Qg2 {[%clk 00:58:40]}
{[%emt 00:00:08]} Bb4 {[%clk 00:48:31]} {[%emt 00:17:44]} 18. Qe2 {[%clk
00:54:25]} {[%emt 00:04:45]} Bc5 {[%clk 00:40:23]} {[%emt 00:08:37]} 19. Rde1
{[%clk 00:52:29]} {[%emt 00:02:27]} Re7 {[%clk 00:37:57]} {[%emt 00:02:57]} 20.
Nd1 {[%clk 00:52:16]} {[%emt 00:00:43]} Qb6 {[%clk 00:36:58]} {[%emt 00:01:28]}
21. Ne3 {[%clk 00:49:34]} {[%emt 00:03:12]} Ndf6 {[%clk 00:34:03]} {[%emt
00:03:25]} 22. Nc4 {[%clk 00:47:41]} {[%emt 00:02:23]} Qc7 {[%clk 00:33:10]}
{[%emt 00:01:23]} 23. Bg5 {[%clk 00:47:53]} {[%emt 00:00:17]} Bd4 {[%clk
00:30:05]} {[%emt 00:03:36]} 24. Qg2 {[%clk 00:45:28]} {[%emt 00:02:55]} b5
{[%clk 00:24:23]} {[%emt 00:06:12]} 25. Ne3 {[%clk 00:37:15]} {[%emt 00:08:43]}
Bxe3 {[%clk 00:21:15]} {[%emt 00:03:38]} 26. Bxe3 {[%clk 00:37:33]} {[%emt
00:00:12]} Nxe3 {[%clk 00:21:32]} {[%emt 00:00:14]} 27. Rxe3 {[%clk 00:37:51]}
{[%emt 00:00:11]} Rd4 {[%clk 00:21:52]} {[%emt 00:00:10]} 28. c3 {[%clk
00:33:40]} {[%emt 00:04:42]} Rd8 {[%clk 00:20:39]} {[%emt 00:01:42]} 29. Be2
{[%clk 00:33:12]} {[%emt 00:00:58]} Red7 {[%clk 00:19:11]} {[%emt 00:01:58]} 30.
Bf3 {[%clk 00:32:58]} {[%emt 00:00:44]} Qb6 {[%clk 00:18:20]} {[%emt 00:01:21]}
31. Re2 {[%clk 00:32:24]} {[%emt 00:01:04]} Qc5 {[%clk 00:14:31]} {[%emt
00:04:19]} 32. Qf2 {[%clk 00:30:57]} {[%emt 00:01:56]} Qc4 {[%clk 00:14:39]}
{[%emt 00:00:22]} 33. Rc1 {[%clk 00:20:12]} {[%emt 00:11:16]} Rd1 {[%clk
00:10:04]} {[%emt 00:05:04]} 34. Qe3 {[%clk 00:18:07]} {[%emt 00:02:37]} Rxc1+
{[%clk 00:07:54]} {[%emt 00:02:39]} 35. Qxc1 {[%clk 00:18:18]} {[%emt
00:00:19]} Qd3+ {[%clk 00:07:53]} {[%emt 00:00:31]} 36. Ka1 {[%clk 00:17:41]}
{[%emt 00:01:07]} Qxf3 {[%clk 00:08:10]} {[%emt 00:00:12]} 37. Rd2 {[%clk
00:18:03]} {[%emt 00:00:10]} Rxd2 {[%clk 00:07:30]}  0-1

[Event "1st 4NCL Easter Congress"]
[Site "Stevenage"]
[Date "2019.04.21"]
[Round "5"]
[Board "13"]
[White "Royal, Shreyas"]
[Black "Johnson, Paul A"]
[Result "1-0"]
[WhiteElo "1943"]
[BlackElo "1804"]
[PlyCount "0"]
[EventDate "2019.04.19"]
[EventRounds "7"]
[EventCountry "ENG"]

1. d4 {[%clk 01:28:27]} {[%emt 00:02:32]} d5 {[%clk 01:30:45]} {[%emt
00:00:15]} 2. c4 {[%clk 01:28:53]} {[%emt 00:00:05]} e6 {[%clk 01:31:06]}
{[%emt 00:00:08]} 3. Nc3 {[%clk 01:28:57]} {[%emt 00:00:28]} Nf6 {[%clk
01:31:24]} {[%emt 00:00:11]} 4. cxd5 {[%clk 01:29:20]} {[%emt 00:00:08]} exd5
{[%clk 01:31:47]} {[%emt 00:00:06]} 5. Bg5 {[%clk 01:28:56]} {[%emt 00:00:54]}
Be7 {[%clk 01:32:01]} {[%emt 00:00:17]} 6. e3 {[%clk 01:29:22]} {[%emt
00:00:04]} c6 {[%clk 01:32:19]} {[%emt 00:00:12]} 7. Bd3 {[%clk 01:28:47]}
{[%emt 00:01:05]} O-O {[%clk 01:32:25]} {[%emt 00:00:23]} 8. Qc2 {[%clk
01:29:09]} {[%emt 00:00:09]} Nbd7 {[%clk 01:32:42]} {[%emt 00:00:13]} 9. Nge2
{[%clk 01:27:52]} {[%emt 00:01:47]} Re8 {[%clk 01:32:49]} {[%emt 00:00:23]} 10.
O-O {[%clk 01:27:43]} {[%emt 00:00:38]} Nf8 {[%clk 01:32:43]} {[%emt 00:00:37]}
11. f3 {[%clk 01:24:51]} {[%emt 00:03:21]} Nh5 {[%clk 01:25:27]} {[%emt
00:07:46]} 12. Bxe7 {[%clk 01:22:53]} {[%emt 00:02:29]} Qxe7 {[%clk 01:25:42]}
{[%emt 00:00:14]} 13. e4 {[%clk 01:22:56]} {[%emt 00:00:28]} dxe4 {[%clk
01:24:23]} {[%emt 00:01:48]} 14. fxe4 {[%clk 01:23:21]} {[%emt 00:00:06]} Nf6
{[%clk 01:24:40]} {[%emt 00:00:13]} 15. Rae1 {[%clk 01:21:41]} {[%emt
00:02:10]} Bg4 {[%clk 01:19:37]} {[%emt 00:05:32]} 16. e5 {[%clk 01:15:09]}
{[%emt 00:07:02]} Nd5 {[%clk 01:19:54]} {[%emt 00:00:14]} 17. Nxd5 {[%clk
01:15:05]} {[%emt 00:00:34]} cxd5 {[%clk 01:20:19]} {[%emt 00:00:05]} 18. Nf4
{[%clk 01:13:22]} {[%emt 00:02:12]} Red8 {[%clk 01:15:23]} {[%emt 00:05:26]} 19.
a3 {[%clk 01:11:58]} {[%emt 00:01:54]} Rac8 {[%clk 01:12:42]} {[%emt 00:03:11]}
20. Qf2 {[%clk 01:12:06]} {[%emt 00:00:22]} Ne6 {[%clk 01:07:29]} {[%emt
00:05:44]} 21. Qg3 {[%clk 01:12:12]} {[%emt 00:00:23]} Nxf4 {[%clk 01:06:41]}
{[%emt 00:01:19]} 22. Rxf4 {[%clk 01:12:34]} {[%emt 00:00:08]} Be6 {[%clk
01:03:25]} {[%emt 00:03:45]} 23. Rh4 {[%clk 01:11:35]} {[%emt 00:01:29]} g6
{[%clk 01:03:14]} {[%emt 00:00:41]} 24. Rf4 {[%clk 01:11:42]} {[%emt 00:00:23]}
Rc7 {[%clk 00:57:05]} {[%emt 00:06:39]} 25. h4 {[%clk 01:11:52]} {[%emt
00:00:21]} Kh8 {[%clk 00:53:07]} {[%emt 00:04:27]} 26. h5 {[%clk 01:09:24]}
{[%emt 00:02:59]} Rg8 {[%clk 00:49:55]} {[%emt 00:03:41]} 27. hxg6 {[%clk
01:08:36]} {[%emt 00:01:18]} fxg6 {[%clk 00:50:09]} {[%emt 00:00:16]} 28. Rf6
{[%clk 01:07:19]} {[%emt 00:01:47]} Qe8 {[%clk 00:39:03]} {[%emt 00:11:36]} 29.
Ref1 {[%clk 01:05:09]} {[%emt 00:02:41]} Rcg7 {[%clk 00:34:31]} {[%emt
00:05:02]} 30. Qe1 {[%clk 00:59:56]} {[%emt 00:05:43]} Qe7 {[%clk 00:30:13]}
{[%emt 00:04:48]} 31. Qa5 {[%clk 00:59:44]} {[%emt 00:00:42]} b6 {[%clk
00:29:25]} {[%emt 00:01:18]} 32. Qb4 {[%clk 00:58:10]} {[%emt 00:02:04]} Qxb4
{[%clk 00:27:19]} {[%emt 00:02:36]} 33. axb4 {[%clk 00:58:27]} {[%emt
00:00:13]} Re7 {[%clk 00:26:08]} {[%emt 00:01:41]} 34. Rc1 {[%clk 00:58:24]}
{[%emt 00:00:33]} Rc8 {[%clk 00:25:14]} {[%emt 00:01:24]} 35. Rxc8+ {[%clk
00:58:37]} {[%emt 00:00:16]} Bxc8 {[%clk 00:25:39]} {[%emt 00:00:05]} 36. Rf8+
{[%clk 00:59:03]} {[%emt 00:00:04]}  1-0

[Event "1st 4NCL Easter Congress"]
[Site "Stevenage"]
[Date "2019.04.21"]
[Round "5"]
[Board "14"]
[White "Burrows, Martin P"]
[Black "Stubbs, Oliver"]
[Result "1/2-1/2"]
[WhiteElo "2146"]
[BlackElo "1873"]
[PlyCount "0"]
[EventDate "2019.04.19"]
[EventRounds "7"]
[EventCountry "ENG"]

1. e4 {[%emt 00:52:39]} e6 {[%emt 00:00:04]} 2. d4 {[%emt 00:00:05]} d5 {[%emt
00:00:03]} 3. Nc3 {[%emt 00:00:06]} dxe4 {[%emt 00:00:04]} 4. Nxe4 {[%emt
00:00:05]} Nd7 {[%emt 00:00:04]} 5. Nf3 {[%emt 00:00:12]} Ngf6 {[%emt
00:00:03]} 6. Bd3 {[%emt 00:00:15]} Nxe4 {[%emt 00:00:05]} 7. Bxe4 {[%emt
00:00:06]} Nf6 {[%emt 00:00:03]} 8. Bg5 {[%emt 00:00:32]} Be7 {[%emt 00:00:04]}
9. Bxf6 {[%emt 00:00:46]} Bxf6 {[%emt 00:00:04]} 10. Qd3 {[%emt 00:01:47]} h6
{[%emt 00:00:04]} 11. Bxb7 {[%emt 00:04:38]} Bxb7 {[%emt 00:00:04]} 12. Qb5+
{[%emt 00:00:07]} Qd7 {[%emt 00:00:02]} 13. Qxb7 {[%emt 00:00:22]} O-O {[%emt
00:00:04]} 14. O-O {[%emt 00:14:31]} Rab8 {[%emt 00:01:47]} 15. Qxa7 {[%emt
00:01:09]} Rxb2 {[%emt 00:00:20]} 16. Qc5 {[%emt 00:16:29]} Ra8 {[%emt
00:09:03]} 17. a3 {[%emt 00:02:13]} Rb5 {[%emt 00:07:51]} 18. Qc4 {[%emt
00:01:08]} Rba5 {[%emt 00:10:52]} 19. c3 {[%emt 00:16:46]} c5 {[%emt 00:06:35]}
20. dxc5 {[%emt 00:01:46]} Qc6 {[%emt 00:00:42]} 21. Nd4 {[%emt 00:06:56]} Qxc5
{[%emt 00:01:21]} 22. Qxc5 {[%emt 00:05:38]} Rxc5 {[%emt 00:05:58]} 23. Rfc1
{[%emt 00:00:38]} Bxd4 {[%emt 00:01:28]} 24. cxd4 {[%emt 00:00:05]} Rxc1+
{[%emt 00:00:10]} 25. Rxc1 {[%emt 00:00:05]} Rxa3 {[%emt 00:00:12]} 26. g3
{[%emt 00:00:38]} Kf8 {[%emt 00:00:49]} 27. Kf1 {[%emt 00:03:23]} h5 {[%emt
00:02:43]} 28. h4 {[%emt 00:00:25]} g6 {[%emt 00:00:07]} 29. Ke2 {[%emt
00:00:22]} Ke7 {[%emt 00:00:20]} 30. Rc7+ {[%emt 00:00:34]} Kf6 {[%emt
00:00:18]} 31. Rb7 {[%emt 00:00:20]}  1/2-1/2

[Event "1st 4NCL Easter Congress"]
[Site "Stevenage"]
[Date "2019.04.21"]
[Round "5"]
[Board "15"]
[White "Estevez Fernandez, Josue"]
[Black "See, Tristian"]
[Result "1-0"]
[WhiteElo "1976"]
[BlackElo "1978"]
[PlyCount "0"]
[EventDate "2019.04.19"]
[EventRounds "7"]
[EventCountry "ENG"]

1. e4 {[%clk 01:30:59]} {[%emt 00:00:01]} c5 {[%clk 01:30:56]} {[%emt
00:00:04]} 2. Nf3 {[%clk 01:31:26]} {[%emt 00:00:03]} d6 {[%clk 01:31:13]}
{[%emt 00:00:13]} 3. Bb5+ {[%clk 01:31:49]} {[%emt 00:00:07]} Nc6 {[%clk
01:31:24]} {[%emt 00:00:19]} 4. Bxc6+ {[%clk 01:28:28]} {[%emt 00:03:51]} bxc6
{[%clk 01:31:48]} {[%emt 00:00:06]} 5. O-O {[%clk 01:28:31]} {[%emt 00:00:26]}
Nf6 {[%clk 01:30:01]} {[%emt 00:02:18]} 6. e5 {[%clk 01:27:32]} {[%emt
00:01:29]} dxe5 {[%clk 01:28:00]} {[%emt 00:02:32]} 7. Nxe5 {[%clk 01:27:51]}
{[%emt 00:00:10]} Qc7 {[%clk 01:28:23]} {[%emt 00:00:07]} 8. Qf3 {[%clk
01:23:08]} {[%emt 00:05:11]} Bb7 {[%clk 01:27:09]} {[%emt 00:01:46]} 9. Re1
{[%clk 01:22:33]} {[%emt 00:01:05]} e6 {[%clk 01:26:44]} {[%emt 00:00:55]} 10.
Na3 {[%clk 01:15:24]} {[%emt 00:07:38]} Be7 {[%clk 01:23:10]} {[%emt 00:04:05]}
11. d3 {[%clk 01:13:31]} {[%emt 00:02:22]} Rc8 {[%clk 01:10:02]} {[%emt
00:13:38]} 12. Qg3 {[%clk 01:03:01]} {[%emt 00:10:56]} Rg8 {[%clk 00:54:23]}
{[%emt 00:16:13]} 13. Qf3 {[%clk 00:47:47]} {[%emt 00:15:42]} Bd8 {[%clk
00:50:27]} {[%emt 00:04:27]} 14. Nac4 {[%clk 00:44:50]} {[%emt 00:03:27]} Qe7
{[%clk 00:41:48]} {[%emt 00:09:10]} 15. a4 {[%clk 00:41:08]} {[%emt 00:04:12]}
Bc7 {[%clk 00:39:04]} {[%emt 00:03:14]} 16. a5 {[%clk 00:37:02]} {[%emt
00:04:37]} a6 {[%clk 00:34:32]} {[%emt 00:05:01]} 17. Bg5 {[%clk 00:31:04]}
{[%emt 00:06:24]} h6 {[%clk 00:33:53]} {[%emt 00:01:13]} 18. Bh4 {[%clk
00:30:32]} {[%emt 00:01:01]} g5 {[%clk 00:24:45]} {[%emt 00:09:39]} 19. Bg3
{[%clk 00:30:44]} {[%emt 00:00:17]} Nd5 {[%clk 00:23:55]} {[%emt 00:01:21]} 20.
Qh5 {[%clk 00:25:37]} {[%emt 00:05:32]} Qf6 {[%clk 00:19:47]} {[%emt 00:04:43]}
21. Ng4 {[%clk 00:24:14]} {[%emt 00:01:53]} Qg6 {[%clk 00:19:52]} {[%emt
00:00:25]} 22. Qxh6 {[%clk 00:19:25]} {[%emt 00:05:18]} Qxh6 {[%clk 00:19:34]}
{[%emt 00:00:50]} 23. Nxh6 {[%clk 00:19:52]} {[%emt 00:00:02]} Rg6 {[%clk
00:19:44]} {[%emt 00:00:19]} 24. Ng4 {[%clk 00:19:23]} {[%emt 00:00:58]} f5
{[%clk 00:20:08]} {[%emt 00:00:09]} 25. Bxc7 {[%clk 00:18:37]} {[%emt
00:01:15]} Rxc7 {[%clk 00:20:16]} {[%emt 00:00:22]} 26. Nge5 {[%clk 00:18:21]}
{[%emt 00:00:45]} Rh6 {[%clk 00:20:36]} {[%emt 00:00:11]} 27. Nf3 {[%clk
00:13:15]} {[%emt 00:05:35]} g4 {[%clk 00:20:11]} {[%emt 00:00:55]} 28. Ng5
{[%clk 00:13:11]} {[%emt 00:00:33]} Bc8 {[%clk 00:20:27]} {[%emt 00:00:16]} 29.
h4 {[%clk 00:06:14]} {[%emt 00:07:26]} gxh3 {[%clk 00:20:30]} {[%emt 00:00:29]}
30. Nxh3 {[%clk 00:05:47]} {[%emt 00:00:55]} Rg7 {[%clk 00:20:49]} {[%emt
00:00:12]} 31. Kf1 {[%clk 00:05:09]} {[%emt 00:01:06]} f4 {[%clk 00:19:43]}
{[%emt 00:01:38]} 32. f3 {[%clk 00:03:49]} {[%emt 00:01:48]} Kd8 {[%clk
00:17:48]} {[%emt 00:02:27]} 33. Re5 {[%clk 00:03:29]} {[%emt 00:00:47]} Rhg6
{[%clk 00:17:58]} {[%emt 00:00:23]} 34. g4 {[%clk 00:00:44]} {[%emt 00:03:15]}
fxg3 {[%clk 00:17:59]} {[%emt 00:00:29]} 35. Kg2 {[%clk 00:01:10]} {[%emt
00:00:03]} Rh7 {[%clk 00:16:46]} {[%emt 00:01:45]} 36. Rg5 {[%clk 00:00:55]}
{[%emt 00:00:44]} Nf4+ {[%clk 00:16:28]} {[%emt 00:00:48]} 37. Kxg3 {[%clk
00:00:50]} {[%emt 00:00:34]} Rxh3+ {[%clk 00:15:46]} {[%emt 00:01:12]} 38. Kxf4
{[%clk 00:01:09]} {[%emt 00:00:10]} Rf6+ {[%clk 00:15:32]} {[%emt 00:00:46]} 39.
Ke5 {[%clk 00:00:54]} {[%emt 00:00:43]} Rhxf3 {[%clk 00:15:46]} {[%emt
00:00:18]} 40. Rh1 {[%clk 00:00:33]} {[%emt 00:00:50]} R3f5+ {[%clk 00:15:10]}
{[%emt 00:01:07]} 41. Rxf5 {[%clk 00:00:57]} {[%emt 00:00:06]} Rxf5+ {[%clk
00:15:34]} {[%emt 00:00:06]} 42. Kd6 {[%clk 00:00:54]} {[%emt 00:00:31]} Rd5+
{[%clk 00:15:24]} {[%emt 00:00:42]} 43. Kxc6 {[%clk 00:01:20]} {[%emt
00:00:04]} Bd7+ {[%clk 00:15:46]} {[%emt 00:00:08]} 44. Kb6 {[%clk 00:01:34]}
{[%emt 00:00:13]} Bb5 {[%clk 00:16:11]} {[%emt 00:00:08]} 45. Rh8+ {[%clk
00:01:23]} {[%emt 00:00:41]} Kd7 {[%clk 00:16:32]} {[%emt 00:00:08]} 46. Rh7+
{[%clk 00:01:38]} {[%emt 00:00:16]} Kc8 {[%clk 00:16:37]} {[%emt 00:00:24]} 47.
Rc7+ {[%clk 00:01:44]} {[%emt 00:00:24]} Kb8 {[%clk 00:16:40]} {[%emt
00:00:27]} 48. Rxc5 {[%clk 00:02:00]} {[%emt 00:00:15]} Bxc4 {[%clk 00:17:03]}
{[%emt 00:00:07]} 49. dxc4 {[%clk 00:01:34]} {[%emt 00:00:55]} Rd2 {[%clk
00:17:03]} {[%emt 00:00:31]} 50. Kxa6 {[%clk 00:00:35]} {[%emt 00:01:29]} Rxc2
{[%clk 00:17:27]} {[%emt 00:00:06]} 51. b4 {[%clk 00:00:53]} {[%emt 00:00:11]}
e5 {[%clk 00:17:17]} {[%emt 00:00:41]} 52. b5 {[%clk 00:01:13]} {[%emt
00:00:10]} Rh2 {[%clk 00:17:18]} {[%emt 00:00:29]} 53. Rxe5 {[%clk 00:01:35]}
{[%emt 00:00:08]} Rh8 {[%clk 00:17:40]} {[%emt 00:00:08]} 54. c5 {[%clk
00:01:46]} {[%emt 00:00:19]} Rc8 {[%clk 00:18:00]} {[%emt 00:00:10]} 55. c6
{[%clk 00:02:03]} {[%emt 00:00:12]} Rh8 {[%clk 00:18:19]} {[%emt 00:00:12]} 56.
b6 {[%clk 00:02:13]} {[%emt 00:00:19]} Ka8 {[%clk 00:18:29]} {[%emt 00:00:20]}
57. c7 {[%clk 00:02:26]} {[%emt 00:00:15]}  1-0

[Event "1st 4NCL Easter Congress"]
[Site "Stevenage"]
[Date "2019.04.21"]
[Round "5"]
[Board "16"]
[White "Rahulan, Thivyaa"]
[Black "Woltery, Nicolai"]
[Result "1/2-1/2"]
[WhiteElo "1889"]
[BlackElo "1865"]
[PlyCount "0"]
[EventDate "2019.04.19"]
[EventRounds "7"]
[EventCountry "ENG"]

1. e4 {[%clk 01:28:58]} {[%emt 00:02:02]} c5 {[%clk 01:21:54]} {[%emt
00:09:07]} 2. Nf3 {[%clk 01:29:06]} {[%emt 00:00:21]} Nc6 {[%clk 01:22:19]}
{[%emt 00:00:05]} 3. d4 {[%clk 01:29:29]} {[%emt 00:00:08]} cxd4 {[%clk
01:22:40]} {[%emt 00:00:09]} 4. Nxd4 {[%clk 01:29:52]} {[%emt 00:00:06]} g6
{[%clk 01:23:00]} {[%emt 00:00:10]} 5. c4 {[%clk 01:30:15]} {[%emt 00:00:07]}
Bg7 {[%clk 01:23:17]} {[%emt 00:00:13]} 6. Be3 {[%clk 01:30:21]} {[%emt
00:00:23]} d6 {[%clk 01:23:19]} {[%emt 00:00:29]} 7. Nc3 {[%clk 01:29:42]}
{[%emt 00:01:09]} Qb6 {[%clk 01:22:51]} {[%emt 00:00:58]} 8. Nb3 {[%clk
01:23:40]} {[%emt 00:06:32]} Bxc3+ {[%clk 01:22:33]} {[%emt 00:00:48]} 9. bxc3
{[%clk 01:23:59]} {[%emt 00:00:10]} Qc7 {[%clk 01:22:43]} {[%emt 00:00:21]} 10.
c5 {[%clk 01:19:43]} {[%emt 00:04:46]} dxc5 {[%clk 01:22:13]} {[%emt 00:01:01]}
11. Nxc5 {[%clk 01:20:00]} {[%emt 00:00:12]} Nf6 {[%clk 01:22:07]} {[%emt
00:00:36]} 12. f3 {[%clk 01:19:14]} {[%emt 00:01:15]} O-O {[%clk 01:20:09]}
{[%emt 00:02:29]} 13. Be2 {[%clk 01:16:55]} {[%emt 00:02:49]} Rd8 {[%clk
01:10:30]} {[%emt 00:10:09]} 14. Qc1 {[%clk 01:15:12]} {[%emt 00:02:12]} b6
{[%clk 01:05:01]} {[%emt 00:06:00]} 15. Nb3 {[%clk 01:14:45]} {[%emt 00:00:57]}
Ne5 {[%clk 01:04:50]} {[%emt 00:00:41]} 16. Nd4 {[%clk 01:04:12]} {[%emt
00:11:03]} Nc4 {[%clk 00:54:14]} {[%emt 00:11:07]} 17. Nb5 {[%clk 01:00:04]}
{[%emt 00:04:37]} Qc6 {[%clk 00:54:10]} {[%emt 00:00:34]} 18. Nd4 {[%clk
01:00:26]} {[%emt 00:00:08]} Qa4 {[%clk 00:40:32]} {[%emt 00:14:07]} 19. Bg5
{[%clk 00:53:58]} {[%emt 00:06:58]} Ba6 {[%clk 00:33:50]} {[%emt 00:07:13]} 20.
O-O {[%clk 00:47:35]} {[%emt 00:06:53]} Qd7 {[%clk 00:13:36]} {[%emt 00:20:44]}
21. Rd1 {[%clk 00:42:01]} {[%emt 00:06:03]} Qc7 {[%clk 00:10:00]} {[%emt
00:04:06]} 22. Bxc4 {[%clk 00:29:59]} {[%emt 00:12:33]} Bxc4 {[%clk 00:08:12]}
{[%emt 00:02:19]} 23. Qe3 {[%clk 00:28:52]} {[%emt 00:01:35]} Rac8 {[%clk
00:05:49]} {[%emt 00:02:53]} 24. Rd2 {[%clk 00:25:35]} {[%emt 00:03:47]} Ba6
{[%clk 00:05:08]} {[%emt 00:01:13]} 25. Rc1 {[%clk 00:24:10]} {[%emt 00:01:54]}
Qc5 {[%clk 00:03:26]} {[%emt 00:02:12]} 26. Rdc2 {[%clk 00:18:44]} {[%emt
00:05:55]} Rd7 {[%clk 00:03:38]} {[%emt 00:00:19]} 27. Nb3 {[%clk 00:14:07]}
{[%emt 00:05:07]} Qxe3+ {[%clk 00:03:11]} {[%emt 00:00:57]} 28. Bxe3 {[%clk
00:14:29]} {[%emt 00:00:07]} Rdc7 {[%clk 00:03:08]} {[%emt 00:00:33]} 29. h3
{[%clk 00:10:41]} {[%emt 00:04:18]} e5 {[%clk 00:02:39]} {[%emt 00:01:00]} 30.
Bd2 {[%clk 00:10:16]} {[%emt 00:00:55]} Nd7 {[%clk 00:02:24]} {[%emt 00:00:45]}
31. Re1 {[%clk 00:09:51]} {[%emt 00:00:55]} Nc5 {[%clk 00:02:31]} {[%emt
00:00:23]} 32. Nxc5 {[%clk 00:09:54]} {[%emt 00:00:27]} Rxc5 {[%clk 00:02:52]}
{[%emt 00:00:09]} 33. Kf2 {[%clk 00:09:39]} {[%emt 00:00:44]} Ra5 {[%clk
00:02:21]} {[%emt 00:01:01]} 34. Rb2 {[%clk 00:08:13]} {[%emt 00:01:56]} Bc4
{[%clk 00:02:40]} {[%emt 00:00:11]} 35. Ra1 {[%clk 00:08:09]} {[%emt 00:00:34]}
b5 {[%clk 00:02:25]} {[%emt 00:00:45]} 36. a3 {[%clk 00:07:26]} {[%emt
00:01:14]} Kg7 {[%clk 00:02:01]} {[%emt 00:00:54]} 37. Ke1 {[%clk 00:06:49]}
{[%emt 00:01:07]}  1/2-1/2

[Event "1st 4NCL Easter Congress"]
[Site "Stevenage"]
[Date "2019.04.21"]
[Round "5"]
[Board "17"]
[White "Ross, Stuart"]
[Black "Hutchinson, Norman A"]
[Result "1/2-1/2"]
[WhiteElo "1620"]
[BlackElo "2041"]
[PlyCount "0"]
[EventDate "2019.04.19"]
[EventRounds "7"]
[EventCountry "ENG"]

1. e4 {[%clk 01:30:55]} {[%emt 00:00:04]} c6 {[%clk 01:30:57]} {[%emt
00:00:04]} 2. d4 {[%clk 01:31:10]} {[%emt 00:00:14]} d5 {[%clk 01:31:23]}
{[%emt 00:00:05]} 3. Nc3 {[%clk 01:31:27]} {[%emt 00:00:13]} dxe4 {[%clk
01:31:46]} {[%emt 00:00:07]} 4. Nxe4 {[%clk 01:31:43]} {[%emt 00:00:13]} Bf5
{[%clk 01:32:12]} {[%emt 00:00:04]} 5. Ng3 {[%clk 01:31:49]} {[%emt 00:00:24]}
Bg6 {[%clk 01:32:38]} {[%emt 00:00:05]} 6. h4 {[%clk 01:31:59]} {[%emt
00:00:19]} h6 {[%clk 01:33:05]} {[%emt 00:00:04]} 7. Nf3 {[%clk 01:32:10]}
{[%emt 00:00:19]} Nd7 {[%clk 01:33:30]} {[%emt 00:00:05]} 8. h5 {[%clk
01:32:19]} {[%emt 00:00:20]} Bh7 {[%clk 01:33:56]} {[%emt 00:00:05]} 9. Bd3
{[%clk 01:32:33]} {[%emt 00:00:16]} Bxd3 {[%clk 01:34:17]} {[%emt 00:00:10]} 10.
Qxd3 {[%clk 01:32:53]} {[%emt 00:00:09]} e6 {[%clk 01:34:44]} {[%emt 00:00:03]}
11. Bd2 {[%clk 01:32:55]} {[%emt 00:00:27]} Ngf6 {[%clk 01:35:07]} {[%emt
00:00:08]} 12. O-O-O {[%clk 01:33:03]} {[%emt 00:00:21]} Be7 {[%clk 01:35:32]}
{[%emt 00:00:05]} 13. Kb1 {[%clk 01:32:55]} {[%emt 00:00:38]} Qb6 {[%clk
01:35:34]} {[%emt 00:00:29]} 14. Ne4 {[%clk 01:24:07]} {[%emt 00:09:17]} c5
{[%clk 01:35:46]} {[%emt 00:00:19]} 15. dxc5 {[%clk 01:22:07]} {[%emt
00:02:29]} Nxc5 {[%clk 01:36:09]} {[%emt 00:00:07]} 16. Nxc5 {[%clk 01:20:15]}
{[%emt 00:02:22]} Bxc5 {[%clk 01:36:24]} {[%emt 00:00:16]} 17. Be3 {[%clk
01:19:31]} {[%emt 00:01:13]} Bxe3 {[%clk 01:36:26]} {[%emt 00:00:28]} 18. Qxe3
{[%clk 01:17:08]} {[%emt 00:02:52]} Qxe3 {[%clk 01:36:50]} {[%emt 00:00:07]} 19.
fxe3 {[%clk 01:17:16]} {[%emt 00:00:22]} Rd8 {[%clk 01:37:05]} {[%emt
00:00:15]} 20. Rd4 {[%clk 01:11:24]} {[%emt 00:06:21]} Ke7 {[%clk 01:33:52]}
{[%emt 00:03:45]} 21. c3 {[%clk 01:05:49]} {[%emt 00:06:04]} Rd5 {[%clk
01:33:08]} {[%emt 00:01:13]} 22. Rxd5 {[%clk 01:01:08]} {[%emt 00:05:12]} Nxd5
{[%clk 01:32:46]} {[%emt 00:00:52]} 23. e4 {[%clk 01:00:05]} {[%emt 00:01:32]}
Ne3 {[%clk 01:31:11]} {[%emt 00:02:05]} 24. Rg1 {[%clk 00:53:43]} {[%emt
00:06:52]} Rd8 {[%clk 01:30:19]} {[%emt 00:01:23]} 25. Kc1 {[%clk 00:51:16]}
{[%emt 00:02:55]} Ng4 {[%clk 01:29:10]} {[%emt 00:01:41]} 26. e5 {[%clk
00:49:06]} {[%emt 00:02:39]} Rd5 {[%clk 01:27:30]} {[%emt 00:02:11]} 27. Re1
{[%clk 00:42:26]} {[%emt 00:07:09]} f6 {[%clk 01:27:03]} {[%emt 00:00:58]} 28.
exf6+ {[%clk 00:35:36]} {[%emt 00:07:20]} gxf6 {[%clk 01:26:23]} {[%emt
00:01:10]} 29. Nd4 {[%clk 00:35:00]} {[%emt 00:01:06]} e5 {[%clk 01:26:01]}
{[%emt 00:00:52]} 30. Re2 {[%clk 00:31:39]} {[%emt 00:03:49]} Kf7 {[%clk
01:17:46]} {[%emt 00:08:46]} 31. Nf5 {[%clk 00:30:02]} {[%emt 00:02:07]} Ke6
{[%clk 01:11:32]} {[%emt 00:05:41]}  1/2-1/2